[Event "I Open Grand Paradis"]
[Site "Arvier ITA"]
[Date "2014.07.19"]
[Round "1"]
[White "Ciuffoletti, Paolo"]
[Black "Piazza, Giacomo"]
[WhiteElo "2171"]
[BlackElo "1584"]
[Result "1-0"]
[PlyCount "55"]
[EventDate "2014.07.19"]

1. e4 c6 2. d4 d6 3. Nc3 Qc7 4. f4 h6 5. Nf3 Bg4 6. h3 Bh5 7. f5 f6 8. Bc4 d5
9. exd5 Qg3+ 10. Kf1 Bf7 11. Qe2 Qd6 12. Ne4 Qc7 13. dxc6 Bxc4 14. Qxc4 Qxc6
15. Qxc6+ Nxc6 16. d5 Nb4 17. c4 O-O-O 18. Bd2 Nd3 19. Ke2 Nxb2 20. a4 Kb8 21.
Rhc1 h5 22. Ra2 Nxc4 23. Rxc4 Rxd5 24. Bf4+ Rd6 25. Rac2 a6 26. Rc8+ Ka7 27.
Be3+ Rb6 28. a5 1-0

[Event "I Open Grand Paradis"]
[Site "Arvier ITA"]
[Date "2014.07.19"]
[Round "1"]
[White "Gromovs, Sergejs"]
[Black "Trovero, Leo"]
[WhiteElo "2217"]
[BlackElo "1756"]
[Result "1-0"]
[PlyCount "59"]
[EventDate "2014.07.19"]

1. d4 d5 2. c4 c6 3. Nf3 Nf6 4. Nc3 dxc4 5. a4 Bf5 6. Ne5 Nbd7 7. Nxc4 e6 8. f3
Bb4 9. e4 Bg6 10. Be3 Qe7 11. Qb3 a5 12. Be2 e5 13. O-O exd4 14. Bxd4 Nc5 15.
Qc2 Ne6 16. Bf2 O-O 17. Rfd1 Rfd8 18. Kh1 Nf4 19. Bg1 Rxd1 20. Rxd1 Rd8 21.
Rxd8+ Qxd8 22. Bb6 Qd7 23. Bxa5 Bxa5 24. Nxa5 N4d5 25. Qd3 Nxc3 26. bxc3 Nd5
27. c4 b6 28. cxd5 bxa5 29. dxc6 Qe8 30. c7 1-0

[Event "I Open Grand Paradis"]
[Site "Arvier ITA"]
[Date "2014.07.19"]
[Round "1"]
[White "Lyabel, Giacomo"]
[Black "Cullen, Anthony P."]
[WhiteElo "1512"]
[BlackElo "2110"]
[Result "1/2-1/2"]
[PlyCount "100"]
[EventDate "2014.07.19"]

1. d4 g6 2. c4 Bg7 3. Nf3 d6 4. e3 Nf6 5. Nc3 O-O 6. Be2 b6 7. O-O Bb7 8. b3 c5
9. Bb2 cxd4 10. Nxd4 Nc6 11. Bf3 Qc7 12. Nxc6 Bxc6 13. Bxc6 Qxc6 14. Qe2 Rac8
15. Rae1 Rfd8 16. Rd1 Qb7 17. f3 Qa6 18. e4 Qa5 19. Na4 Qg5 20. Kh1 h5 21. g3
h4 22. Qf2 hxg3 23. hxg3 Nh5 24. Rg1 Bxb2 25. Nxb2 Kg7 26. Nd3 Rh8 27. Kg2 Rh6
28. f4 Qg4 29. Qf3 Qxf3+ 30. Kxf3 Nf6 31. Rh1 Rch8 32. Nf2 Nd7 33. Rxh6 Rxh6
34. Rh1 Rxh1 35. Nxh1 Nc5 36. Nf2 Kf6 37. Ke3 e5 38. Nd3 Nxd3 39. Kxd3 exf4 40.
gxf4 Ke6 41. Kd4 f6 42. Ke3 Kd7 43. b4 Kc6 44. Kd4 Kd7 45. f5 g5 46. b5 Ke7 47.
Kd5 Kd7 48. Kd4 Kc7 49. Kd5 Kd7 50. Kd4 Kc7 1/2-1/2

[Event "I Open Grand Paradis"]
[Site "Arvier ITA"]
[Date "2014.07.19"]
[Round "1"]
[White "Renzi, Marco"]
[Black "Naumkin, Igor"]
[WhiteElo "1907"]
[BlackElo "2445"]
[Result "0-1"]
[PlyCount "64"]
[EventDate "2014.07.19"]

1. e4 e6 2. d4 d5 3. Bd3 dxe4 4. Bxe4 Nf6 5. Bf3 Nbd7 6. Nc3 c5 7. Bf4 cxd4 8.
Qxd4 e5 9. Qe3 Bc5 10. Qe2 O-O 11. Be3 e4 12. Nxe4 Nxe4 13. Bxe4 Bxe3 14. Qxe3
Nf6 15. f3 Nxe4 16. fxe4 Qh4+ 17. g3 Qe7 18. O-O-O Bf5 19. Re1 Rfe8 20. e5 Rac8
21. c3 b5 22. Ne2 b4 23. Rhf1 Bg6 24. Rf4 Qc7 25. Rxb4 Rxe5 26. Qd2 Qe7 27. Rd4
h6 28. Rd7 Qe6 29. Rd8+ Rxd8 30. Qxd8+ Kh7 31. Qd2 Qxa2 32. Kd1 Qa4+ 0-1

[Event "I Open Grand Paradis"]
[Site "Arvier ITA"]
[Date "2014.07.19"]
[Round "1"]
[White "Siviero, Mattia"]
[Black "Marguerettaz, Davy"]
[WhiteElo "1705"]
[BlackElo "2187"]
[Result "0-1"]
[PlyCount "68"]
[EventDate "2014.07.19"]

1. d4 d5 2. Bf4 c5 3. e3 cxd4 4. exd4 Nc6 5. c3 Nf6 6. Bd3 Bg4 7. Qb3 Qd7 8.
Nd2 e6 9. Ngf3 Bd6 10. Ne5 Bxe5 11. Bxe5 a6 12. Qc2 Rc8 13. a3 Bh5 14. h3 Bg6
15. Bxg6 hxg6 16. Nf3 Nxe5 17. Nxe5 Qd6 18. O-O O-O 19. Rfe1 Rc7 20. Re3 Rfc8
21. Rae1 b5 22. Qd3 Qb6 23. g4 a5 24. f3 b4 25. axb4 axb4 26. Rc1 bxc3 27. bxc3
Qb2 28. Rc2 Qa1+ 29. Kg2 Rb8 30. Qd2 Rb1 31. Nd3 Rg1+ 32. Kh2 Rh1+ 33. Kg3 Qg1+
34. Qg2 Qxe3 0-1

[Event "I Open Grand Paradis"]
[Site "Arvier ITA"]
[Date "2014.07.20"]
[Round "2"]
[White "Bagnod, Ruben"]
[Black "Gromovs, Sergejs"]
[WhiteElo "1362"]
[BlackElo "2217"]
[Result "0-1"]
[PlyCount "64"]
[EventDate "2014.07.19"]

1. c4 e5 2. e3 f5 3. Nf3 Nc6 4. d3 Nf6 5. g3 Bb4+ 6. Bd2 a5 7. a3 Bxd2+ 8.
Nbxd2 d5 9. Bg2 e4 10. cxd5 exf3 11. Nxf3 Nxd5 12. O-O Be6 13. e4 fxe4 14. dxe4
Nb6 15. Qc2 O-O 16. Rfd1 Qe7 17. h4 a4 18. e5 Bb3 19. Qe4 Bxd1 20. Rxd1 Rad8
21. Rxd8 Rxd8 22. Ng5 g6 23. Bf3 Qxe5 24. Qb1 Rd2 25. Ne4 Rxb2 26. Qe1 Nd4 27.
Nf6+ Qxf6 28. Qe8+ Qf8 29. Qe5 Nxf3+ 30. Kg2 Nxe5 31. Kh2 Qxf2+ 32. Kh1 Rb1#
0-1

[Event "I Open Grand Paradis"]
[Site "Arvier ITA"]
[Date "2014.07.20"]
[Round "2"]
[White "Bellia, Mario"]
[Black "Siviero, Mattia"]
[WhiteElo "1481"]
[BlackElo "1705"]
[Result "0-1"]
[PlyCount "44"]
[EventDate "2014.07.19"]

1. Nf3 d5 2. b3 Bg4 3. Ne5 Bf5 4. Bb2 Nf6 5. d4 e6 6. a3 Bd6 7. e3 Nbd7 8. Nd2
h6 9. Be2 c6 10. O-O Qc7 11. Ndf3 g5 12. c4 Rg8 13. c5 Bxe5 14. Nxe5 Nxe5 15.
dxe5 Nd7 16. g4 Bh7 17. Qd2 O-O-O 18. Rac1 Rdf8 19. f4 gxf4 20. Rxf4 Rg5 21.
Rcf1 Nxe5 22. R1f2 Ng6 0-1

[Event "I Open Grand Paradis"]
[Site "Arvier ITA"]
[Date "2014.07.20"]
[Round "2"]
[White "Cirrincione, Giansalvo"]
[Black "Lyabel, Giacomo"]
[WhiteElo "1796"]
[BlackElo "1512"]
[Result "1-0"]
[PlyCount "37"]
[EventDate "2014.07.19"]

1. d4 d5 2. Bf4 Bf5 3. c4 c6 4. Nc3 Nf6 5. e3 e6 6. Qb3 b6 7. Nf3 Nbd7 8. Qa4
Qc8 9. cxd5 b5 10. Nxb5 cxb5 11. Bxb5 a6 12. Bc6 Ra7 13. Rc1 Qd8 14. Ne5 h6 15.
O-O Be7 16. Bxd7+ Nxd7 17. Nc6 Qa8 18. Nxa7 Qxa7 19. Rc7 1-0

[Event "I Open Grand Paradis"]
[Site "Arvier ITA"]
[Date "2014.07.21"]
[Round "2"]
[White "Cullen, Anthony P."]
[Black "Renzi, Marco"]
[WhiteElo "2110"]
[BlackElo "1907"]
[Result "1-0"]
[PlyCount "70"]
[EventDate "2014.07.19"]

1. Nf3 Nc6 2. d4 d5 3. Bf4 Bf5 4. e3 a6 5. c4 e6 6. c5 Nf6 7. Qa4 Nd7 8. Nc3
Be7 9. Be2 O-O 10. O-O h5 11. h3 g5 12. Bh2 Kg7 13. Qd1 Rh8 14. Bd3 Bxd3 15.
Qxd3 f5 16. Nxd5 exd5 17. Qxf5 Nf8 18. Ne5 Bf6 19. f4 Ne7 20. Qc2 Bxe5 21. dxe5
g4 22. f5 Nc6 23. f6+ Kf7 24. hxg4 hxg4 25. Qf5 Ne6 26. Rad1 d4 27. exd4 Qd5
28. Bg3 Rag8 29. Rfe1 Ncxd4 30. Qd3 Qxc5 31. Qe3 Qc2 32. Rxd4 Nxd4 33. Qxd4 Ke6
34. Rf1 Qe2 35. Qf4 Kf7 1-0

[Event "I Open Grand Paradis"]
[Site "Arvier ITA"]
[Date "2014.07.20"]
[Round "2"]
[White "Marguerettaz, Davy"]
[Black "Baloire, Endy"]
[WhiteElo "2187"]
[BlackElo "1985"]
[Result "1-0"]
[PlyCount "69"]
[EventDate "2014.07.19"]

1. d4 d5 2. c4 e6 3. Nc3 Nf6 4. Nf3 c6 5. e3 Nbd7 6. Bd3 Bd6 7. O-O O-O 8. e4
dxe4 9. Nxe4 Nxe4 10. Bxe4 Nf6 11. Bc2 b6 12. Qd3 Bb7 13. Bg5 g6 14. Rad1 Be7
15. Ne5 Qc7 16. Rfe1 Rad8 17. Qh3 Nh5 18. Bxg6 hxg6 19. Nxg6 fxg6 20. Qxe6+ Rf7
21. Bxe7 Rc8 22. Qxg6+ Ng7 23. Bd6 Qd7 24. Re5 Re8 25. Rde1 Rxe5 26. Rxe5 Qd8
27. Rg5 c5 28. Be5 Be4 29. Qh6 Qd7 30. Rh5 Kf8 31. Qh8+ Ke7 32. Bxg7 Qg4 33.
Re5+ Kd6 34. Qd8+ Rd7 35. Bf8+ 1-0

[Event "I Open Grand Paradis"]
[Site "Arvier ITA"]
[Date "2014.07.20"]
[Round "2"]
[White "Naumkin, Igor"]
[Black "Ciuffoletti, Paolo"]
[WhiteElo "2445"]
[BlackElo "2171"]
[Result "1-0"]
[PlyCount "77"]
[EventDate "2014.07.19"]

1. d4 d5 2. c4 c6 3. Nf3 Nf6 4. Nc3 dxc4 5. a4 Bg4 6. e4 e5 7. Be3 exd4 8. Bxd4
Bb4 9. Bxc4 O-O 10. h3 Bxf3 11. gxf3 c5 12. Be3 Nc6 13. Rg1 Qa5 14. Kf1 Bxc3
15. bxc3 Qxc3 16. Rc1 Rad8 17. Qe2 Qe5 18. Bxc5 Rfe8 19. Qe3 Qh5 20. Rg3 Nd5
21. Qg5 Qxg5 22. Rxg5 Nf4 23. Be3 Ne6 24. Rd5 Nc7 25. Rxd8 Rxd8 26. Rb1 b6 27.
Rc1 Ne5 28. Be2 Ne6 29. f4 Nd3 30. Bxd3 Rxd3 31. f5 Nf8 32. Rc8 f6 33. Ke2 Rd7
34. Bc1 g6 35. Bh6 Rf7 36. f4 gxf5 37. e5 fxe5 38. fxe5 Rg7 39. e6 1-0

[Event "I Open Grand Paradis"]
[Site "Arvier ITA"]
[Date "2014.07.20"]
[Round "2"]
[White "Piazza, Giacomo"]
[Black "Trovero, Leo"]
[WhiteElo "1584"]
[BlackElo "1756"]
[Result "0-1"]
[PlyCount "66"]
[EventDate "2014.07.19"]

1. Nf3 d6 2. e3 g6 3. Nc3 Bg7 4. Be2 e5 5. d3 Ne7 6. e4 Nbc6 7. Bd2 O-O 8. Qc1
f5 9. Bh6 d5 10. Bxg7 Kxg7 11. O-O d4 12. Nd1 h6 13. c3 fxe4 14. dxe4 d3 15.
Bxd3 Qxd3 16. Re1 Bg4 17. Re3 Qc4 18. b3 Qf7 19. h3 Bxf3 20. Rxf3 Qe6 21. Rg3
Rf4 22. Qc2 Rd8 23. Qe2 g5 24. Nb2 Ng6 25. Nd3 Rf7 26. Nc5 Qd6 27. Qc4 Nf4 28.
Nxb7 Qd2 29. Nxd8 Ne2+ 30. Kh2 Nxd8 31. Re3 Rxf2 32. Qd3 Rxg2+ 33. Kh1 Ng3+ 0-1

[Event "I Open Grand Paradis"]
[Site "Arvier ITA"]
[Date "2014.07.21"]
[Round "3"]
[White "Baloire, Endy"]
[Black "Siviero, Mattia"]
[WhiteElo "1985"]
[BlackElo "1705"]
[Result "1-0"]
[PlyCount "101"]
[EventDate "2014.07.19"]

1. d4 d5 2. c4 c6 3. Nf3 Nf6 4. e3 e6 5. Bd3 Nbd7 6. O-O dxc4 7. Bxc4 b5 8. Bd3
Bb7 9. e4 a6 10. Bg5 Qc7 11. Nbd2 c5 12. Rc1 Qb6 13. e5 Nd5 14. Ne4 cxd4 15.
Bb1 h6 16. Bh4 Nc5 17. Nxd4 Nxe4 18. Bxe4 Be7 19. Bxd5 Bxd5 20. Bxe7 Kxe7 21.
Nf5+ exf5 22. Qxd5 Rhd8 23. Qf3 Rac8 24. Rxc8 Rxc8 25. Qxf5 Qe6 26. Qe4 Qc6 27.
Qg4 g6 28. Rd1 Rd8 29. Qb4+ Ke6 30. Qg4+ Ke7 31. Qh4+ g5 32. Qb4+ Ke6 33. Re1
Rd5 34. Qg4+ Ke7 35. h4 Qe6 36. Qe4 Kf8 37. hxg5 hxg5 38. Qh7 Ke7 39. Qg7 Qg6
40. Qh8 Rd8 41. Qh3 Qe6 42. Qe3 Qh6 43. Qc5+ Ke8 44. e6 fxe6 45. Qc6+ Ke7 46.
Qxa6 Rh8 47. Qa7+ Kf6 48. Qd4+ Ke7 49. f3 Qh2+ 50. Kf2 Rd8 51. Qg7+ 1-0

[Event "I Open Grand Paradis"]
[Site "Arvier ITA"]
[Date "2014.07.21"]
[Round "3"]
[White "Ciuffoletti, Paolo"]
[Black "Cirrincione, Giansalvo"]
[WhiteElo "2171"]
[BlackElo "1796"]
[Result "1-0"]
[PlyCount "83"]
[EventDate "2014.07.19"]

1. e4 c5 2. d4 cxd4 3. c3 g6 4. Nf3 Bg7 5. Bc4 e6 6. O-O Ne7 7. Bg5 Nbc6 8. Re1
O-O 9. cxd4 Qb6 10. Bb3 d5 11. Nc3 dxe4 12. Rxe4 h6 13. Bf4 Nb4 14. Qd2 Kh7 15.
Be5 Nbd5 16. h4 Nf6 17. Rf4 Nh5 18. Bxg7 Kxg7 19. Re4 Nf6 20. Re5 Bd7 21. d5
Nfxd5 22. Bxd5 Nxd5 23. Nxd5 exd5 24. Rxd5 Bc6 25. Rd6 Rad8 26. Qc3+ Kg8 27.
Rad1 Rxd6 28. Rxd6 Rd8 29. Rxd8+ Qxd8 30. Ne5 Qd5 31. Nxc6 Qxc6 32. Qxc6 bxc6
33. Kf1 Kf8 34. Ke2 Ke7 35. Kd3 Kd6 36. Kc4 c5 37. Kb5 g5 38. hxg5 hxg5 39. Ka6
Kd5 40. Kxa7 f5 41. Kb6 g4 42. a4 1-0

[Event "I Open Grand Paradis"]
[Site "Arvier ITA"]
[Date "2014.07.21"]
[Round "3"]
[White "Cullen, Anthony P."]
[Black "Marguerettaz, Davy"]
[WhiteElo "2110"]
[BlackElo "2187"]
[Result "1/2-1/2"]
[PlyCount "117"]
[EventDate "2014.07.19"]

1. Nf3 d5 2. d4 Nf6 3. e3 c6 4. Bd3 Bg4 5. b3 Nbd7 6. Bb2 e6 7. Nbd2 Bd6 8. h3
Bh5 9. O-O Qc7 10. c4 O-O 11. e4 Bf4 12. e5 Bxf3 13. Nxf3 Ne4 14. Bc1 Bxc1 15.
Rxc1 f5 16. cxd5 exd5 17. h4 Rae8 18. b4 Qd8 19. b5 c5 20. dxc5 Ndxc5 21. Bxe4
Nxe4 22. Qd4 Qd7 23. Qxa7 Ra8 24. Qb6 Rfc8 25. Rxc8+ Qxc8 26. Qd4 Qc4 27. Rd1
Nc3 28. Qxc4 dxc4 29. Rd7 Nxa2 30. Rxb7 Rc8 31. b6 c3 32. Rc7 Rb8 33. b7 Rxb7
34. Rxb7 c2 35. Rb8+ Kf7 36. Ng5+ Ke7 37. Rc8 c1=Q+ 38. Rxc1 Nxc1 39. Nxh7 Nd3
40. Ng5 Nxe5 41. f3 Ng6 42. g3 Kf6 43. Nh3 Ne5 44. Kf2 Nf7 45. Ke3 Ne5 46. Nf4
g6 47. Nd3 Nc4+ 48. Kf4 Nb6 49. Nb4 Nd7 50. g4 fxg4 51. fxg4 Nb6 52. Ke4 Nd7
53. Nd5+ Ke6 54. g5 Nc5+ 55. Kd4 Nb3+ 56. Kc4 Nd2+ 57. Kc5 Nf3 58. Nf4+ Kf5 59.
Nxg6 1/2-1/2

[Event "I Open Grand Paradis"]
[Site "Arvier ITA"]
[Date "2014.07.21"]
[Round "3"]
[White "Gromovs, Sergejs"]
[Black "Naumkin, Igor"]
[WhiteElo "2217"]
[BlackElo "2445"]
[Result "1/2-1/2"]
[PlyCount "28"]
[EventDate "2014.07.19"]

1. e4 e6 2. d4 d5 3. exd5 exd5 4. Bd3 c5 5. Qe2+ Be7 6. dxc5 Nf6 7. Nd2 O-O 8.
Ngf3 Bxc5 9. O-O Re8 10. Qd1 Nc6 11. Nb3 Bb6 12. Bg5 Bg4 13. h3 Bh5 14. c3 Qd6
1/2-1/2

[Event "I Open Grand Paradis"]
[Site "Arvier ITA"]
[Date "2014.07.21"]
[Round "3"]
[White "Lyabel, Giacomo"]
[Black "Bagnod, Ruben"]
[WhiteElo "1512"]
[BlackElo "1362"]
[Result "0-1"]
[PlyCount "68"]
[EventDate "2014.07.19"]

1. d4 d5 2. c4 e6 3. Nc3 Nf6 4. Bg5 Be7 5. e3 h6 6. Bh4 c6 7. Nf3 Nbd7 8. cxd5
cxd5 9. Bd3 O-O 10. O-O Qc7 11. Rc1 Qb6 12. Qe2 a6 13. a3 Qb3 14. Bc2 Qc4 15.
Qxc4 dxc4 16. a4 Bb4 17. Ne4 Nxe4 18. Bxe4 Nb6 19. Ra1 a5 20. Bg3 Ra7 21. Bc7
Nd5 22. Bxd5 exd5 23. Ne1 Bd7 24. Nc2 b5 25. Nxb4 axb4 26. Bb6 Rxa4 27. Bc5
Rfa8 28. Rxa4 Rxa4 29. h3 b3 30. f3 Ra2 31. Rf2 c3 32. Ba3 Rxa3 33. bxc3 Ra2
34. Rf1 b2 0-1

[Event "I Open Grand Paradis"]
[Site "Arvier ITA"]
[Date "2014.07.21"]
[Round "3"]
[White "Renzi, Marco"]
[Black "Piazza, Giacomo"]
[WhiteElo "1907"]
[BlackElo "1584"]
[Result "0-1"]
[PlyCount "62"]
[EventDate "2014.07.19"]

1. e4 c6 2. d4 d6 3. Bc4 Qc7 4. Nc3 Nf6 5. Bg5 Nbd7 6. Nf3 e5 7. O-O Nb6 8. Bb3
Bg4 9. d5 Be7 10. h3 Bh5 11. g4 Bg6 12. Re1 h5 13. Nh4 hxg4 14. Nxg6 fxg6 15.
hxg4 O-O-O 16. dxc6 bxc6 17. Kg2 Qd7 18. f3 Nxg4 19. fxg4 Bxg5 20. Rh1 Rxh1 21.
Kxh1 Rh8+ 22. Kg2 Rh4 23. Kg3 Qd8 24. Ne2 Qf6 25. Qf1 Bf4+ 26. Nxf4 exf4+ 27.
Kf3 Qxb2 28. Kxf4 Qe5+ 29. Kf3 g5 30. Re1 Qf4+ 31. Ke2 Rh2+ 0-1

[Event "I Open Grand Paradis"]
[Site "Arvier ITA"]
[Date "2014.07.21"]
[Round "3"]
[White "Trovero, Leo"]
[Black "Bogatto, Mario"]
[WhiteElo "1756"]
[BlackElo "1413"]
[Result "1-0"]
[PlyCount "77"]
[EventDate "2014.07.19"]

1. e4 d6 2. d4 Nf6 3. Nc3 c6 4. f4 e6 5. Nf3 a6 6. Be2 Be7 7. O-O Nbd7 8. e5
Nd5 9. Ne4 dxe5 10. fxe5 c5 11. c4 N5b6 12. d5 exd5 13. cxd5 h6 14. d6 Bf8 15.
Be3 Nb8 16. Nxc5 Nc6 17. a4 Nd7 18. Nxd7 Bxd7 19. Qb3 Rb8 20. Bc4 Be6 21. Bxe6
fxe6 22. Qxe6+ Ne7 23. dxe7 Qxe7 24. Qxe7+ Bxe7 25. Nd4 Rf8 26. Rxf8+ Kxf8 27.
Rf1+ Kg8 28. Nf5 Bf8 29. e6 Re8 30. Nd4 Bc5 31. Re1 Re7 32. Kf2 Kh7 33. Nf5
Rxe6 34. Bxc5 Rf6 35. g4 g6 36. Re7+ Kg8 37. Re8+ Kh7 38. Rh8+ Kxh8 39. Bd4 1-0

[Event "I Open Grand Paradis"]
[Site "Arvier ITA"]
[Date "2014.07.22"]
[Round "4"]
[White "Bagnod, Ruben"]
[Black "Baloire, Endy"]
[WhiteElo "1362"]
[BlackElo "1985"]
[Result "1-0"]
[PlyCount "81"]
[EventDate "2014.07.19"]

1. e4 c6 2. d4 d5 3. Bd3 dxe4 4. Bxe4 Nf6 5. Bf3 Bf5 6. Bf4 e6 7. c3 Bd6 8. Ne2
O-O 9. Nd2 Bxf4 10. Nxf4 Qc7 11. g3 Nbd7 12. O-O c5 13. Bg2 Rad8 14. Nf3 Rfe8
15. Qb3 c4 16. Qa4 b5 17. Qxb5 Rb8 18. Qa4 Rxb2 19. Ne5 Rc8 20. Qa6 Nxe5 21.
dxe5 Nd7 22. Rae1 g5 23. Nh5 Bg4 24. Nf6+ Nxf6 25. exf6 Be2 26. Rxe2 Rxe2 27.
Bb7 Rb8 28. Rb1 Qc5 29. Rf1 Rc2 30. Qa4 Rxc3 31. Rd1 Rd3 32. Rxd3 cxd3 33. Qd7
Qb6 34. Be4 Rd8 35. Bxh7+ Kxh7 36. Qxf7+ Kh6 37. Qg7+ Kh5 38. h3 Qb1+ 39. Kg2
d2 40. g4+ Kh4 41. Qh6# 1-0

[Event "I Open Grand Paradis"]
[Site "Arvier ITA"]
[Date "2014.07.22"]
[Round "4"]
[White "Cirrincione, Giansalvo"]
[Black "Bellia, Mario"]
[WhiteElo "1796"]
[BlackElo "1481"]
[Result "1-0"]
[PlyCount "103"]
[EventDate "2014.07.19"]

1. d4 e6 2. Bf4 d5 3. e3 Ne7 4. Nf3 Ng6 5. Bg3 Be7 6. Bd3 Nd7 7. Nbd2 c5 8. c3
b6 9. h4 Bf6 10. h5 Ngf8 11. e4 c4 12. Bc2 Bb7 13. e5 Be7 14. Bh4 h6 15. Bxe7
Qxe7 16. Nh4 O-O-O 17. Qg4 Qg5 18. Qe2 f5 19. Nhf3 Qe7 20. a3 g6 21. b3 gxh5
22. bxc4 dxc4 23. Nxc4 Bd5 24. Nd6+ Kb8 25. Qa6 Nf6 26. Ba4 Ne4 27. c4 Bb7 28.
Nxb7 Qxb7 29. Bb5 Ng5 30. Qxb7+ Kxb7 31. Rd1 Ne4 32. Rd3 a6 33. Ba4 Ng6 34. Re3
b5 35. cxb5 axb5 36. Bxb5 Nf4 37. O-O Rhg8 38. Nh4 Rg4 39. g3 Nh3+ 40. Kg2 Nf4+
41. Kh2 Nd5 42. Rb3 Ka7 43. Bc6 Nd2 44. Rb7+ Ka6 45. Rd1 Rxh4+ 46. gxh4 Nf3+
47. Kg3 Nc3 48. Bxf3 Nxd1 49. Re7 Rxd4 50. Rxe6+ Ka5 51. Rd6 f4+ 52. Kg2 1-0

[Event "I Open Grand Paradis"]
[Site "Arvier ITA"]
[Date "2014.07.22"]
[Round "4"]
[White "Lyabel, Giacomo"]
[Black "Renzi, Marco"]
[WhiteElo "1512"]
[BlackElo "1907"]
[Result "0-1"]
[PlyCount "42"]
[EventDate "2014.07.19"]

1. d4 d5 2. c4 c6 3. Nf3 Bf5 4. e3 Nf6 5. Nc3 e6 6. Be2 Bd6 7. O-O Nbd7 8. Bd2
O-O 9. Re1 Ne4 10. h3 Ndf6 11. c5 Bc7 12. a3 b6 13. b4 Rc8 14. Rc1 bxc5 15.
dxc5 Bb8 16. Bf1 Qc7 17. Qe2 Ng5 18. g3 Nxh3+ 19. Kg2 Ng4 20. Nd1 Nhxf2 21.
Nxf2 Qxg3+ 0-1

[Event "I Open Grand Paradis"]
[Site "Arvier ITA"]
[Date "2014.07.22"]
[Round "4"]
[White "Marguerettaz, Davy"]
[Black "Gromovs, Sergejs"]
[WhiteElo "2187"]
[BlackElo "2217"]
[Result "1/2-1/2"]
[PlyCount "25"]
[EventDate "2014.07.19"]

1. d4 d5 2. c4 dxc4 3. Nf3 Nf6 4. e3 a6 5. Bxc4 e6 6. O-O c5 7. a4 Nc6 8. Nc3
cxd4 9. exd4 Be7 10. Bd3 Nb4 11. Bb1 O-O 12. Ne5 Bd7 13. Bg5 1/2-1/2

[Event "I Open Grand Paradis"]
[Site "Arvier ITA"]
[Date "2014.07.22"]
[Round "4"]
[White "Naumkin, Igor"]
[Black "Cullen, Anthony P."]
[WhiteElo "2445"]
[BlackElo "2110"]
[Result "1-0"]
[PlyCount "49"]
[EventDate "2014.07.19"]

1. d4 g6 2. c4 Bg7 3. e4 d6 4. Nc3 e5 5. Nf3 Nc6 6. d5 Nce7 7. Be2 f5 8. h4 Nf6
9. h5 Nxh5 10. exf5 Bxf5 11. Ng5 Nf4 12. g4 Bd7 13. Bxf4 exf4 14. Qd3 h6 15.
Ne6 Bxe6 16. dxe6 c6 17. O-O-O Qc7 18. Qxd6 Qxd6 19. Rxd6 Bxc3 20. bxc3 Rd8 21.
c5 Nc8 22. Rhd1 Nxd6 23. cxd6 Rb8 24. Bd3 Rg8 25. c4 1-0

[Event "I Open Grand Paradis"]
[Site "Arvier ITA"]
[Date "2014.07.22"]
[Round "4"]
[White "Siviero, Mattia"]
[Black "Piazza, Giacomo"]
[WhiteElo "1705"]
[BlackElo "1584"]
[Result "1-0"]
[PlyCount "64"]
[EventDate "2014.07.19"]

1. d4 c6 2. Nc3 d6 3. e4 Qc7 4. f4 Nf6 5. Nf3 Bg4 6. h3 Bxf3 7. Qxf3 Nbd7 8.
Be3 e6 9. Bd3 Be7 10. O-O-O a6 11. g4 b5 12. g5 Ng8 13. a3 Qa5 14. e5 d5 15. f5
b4 16. axb4 Bxb4 17. fxe6 fxe6 18. Nb1 Be7 19. c3 Kd8 20. Qf7 Qb6 21. Qxg7 Rb8
22. Rh2 Kc7 23. Qxh8 Nxe5 24. Qxe5+ Bd6 25. Qg7+ Ne7 26. Rc2 a5 27. g6 hxg6 28.
Bg5 Kd7 29. Bxe7 Bxe7 30. Rg1 Kd6 31. Qe5+ Kd7 32. Rf2 a4 1-0

[Event "I Open Grand Paradis"]
[Site "Arvier ITA"]
[Date "2014.07.22"]
[Round "4"]
[White "Trovero, Leo"]
[Black "Ciuffoletti, Paolo"]
[WhiteElo "1756"]
[BlackElo "2171"]
[Result "0-1"]
[PlyCount "54"]
[EventDate "2014.07.19"]

1. e4 c5 2. Nc3 Nc6 3. g3 g6 4. Bg2 Bg7 5. d3 d6 6. Be3 e6 7. Qd2 Nd4 8. Nge2
Ne7 9. Nd1 Nec6 10. c3 Nxe2 11. Qxe2 b6 12. O-O O-O 13. Qd2 Ba6 14. f4 Rc8 15.
f5 Ne5 16. Nf2 d5 17. Bg5 f6 18. fxe6 fxg5 19. exd5 Nf3+ 20. Bxf3 Rxf3 21. c4
Bb7 22. Ne4 g4 23. Rxf3 gxf3 24. Qf4 Bxd5 25. cxd5 Qxd5 26. Qd6 Qd4+ 27. Kf1
Qxb2 0-1

[Event "I Open Grand Paradis"]
[Site "Arvier ITA"]
[Date "2014.07.23"]
[Round "5"]
[White "Baloire, Endy"]
[Black "Trovero, Leo"]
[WhiteElo "1985"]
[BlackElo "1756"]
[Result "0-1"]
[PlyCount "46"]
[EventDate "2014.07.19"]

1. d4 d5 2. c4 c6 3. Nf3 Nf6 4. e3 Bf5 5. Be2 h6 6. O-O Nbd7 7. b3 e6 8. Bb2
Be7 9. Ne5 O-O 10. f4 Ne4 11. Nd2 f6 12. Nxd7 Qxd7 13. Nf3 b6 14. Qe1 Rac8 15.
Rd1 Rfd8 16. Kh1 Qc7 17. Rg1 Bb4 18. Qf1 Bd6 19. g4 Bh7 20. h4 g5 21. hxg5 hxg5
22. fxg5 fxg5 23. Qh3 Nf2+ 0-1

[Event "I Open Grand Paradis"]
[Site "Arvier ITA"]
[Date "2014.07.23"]
[Round "5"]
[White "Bogatto, Mario"]
[Black "Renzi, Marco"]
[WhiteElo "1413"]
[BlackElo "1907"]
[Result "0-1"]
[PlyCount "85"]
[EventDate "2014.07.19"]

1. c4 c5 2. Nf3 Nf6 3. Nc3 Nc6 4. e3 e5 5. d3 Be7 6. Be2 O-O 7. O-O d5 8. cxd5
Nxd5 9. e4 Nf4 10. Bxf4 exf4 11. Nd5 Bd6 12. Qd2 f5 13. Rac1 b6 14. Qc2 Be6 15.
Nc3 Rc8 16. a3 g5 17. exf5 Rxf5 18. h3 h5 19. Nh2 Nd4 20. Qd1 Bb3 21. Qd2 Bf7
22. Qd1 Bb3 23. Qd2 Qe8 24. Rfe1 Qf7 25. Nf3 Nc6 26. Bd1 Be6 27. Ne4 Be7 28.
Nh2 Rd8 29. Nf3 g4 30. hxg4 hxg4 31. Nh2 g3 32. Ng4 gxf2+ 33. Qxf2 Qh7 34. Rc3
Nd4 35. Nd2 Bh4 36. Qf1 Bxe1 37. Qxe1 Kh8 38. Nf3 Rh5 39. Qe4 Rh1+ 40. Kf2 Qxe4
41. dxe4 Bxg4 42. Rc1 Nxf3 43. gxf3 0-1

[Event "I Open Grand Paradis"]
[Site "Arvier ITA"]
[Date "2014.07.23"]
[Round "5"]
[White "Ciuffoletti, Paolo"]
[Black "Bagnod, Ruben"]
[WhiteElo "2171"]
[BlackElo "1362"]
[Result "1-0"]
[PlyCount "77"]
[EventDate "2014.07.19"]

1. e4 e5 2. Bc4 Nf6 3. Nf3 Nc6 4. d4 Bd6 5. O-O O-O 6. dxe5 Nxe5 7. Nxe5 Bxe5
8. f4 Bd6 9. e5 Bc5+ 10. Kh1 Ne4 11. Qf3 Nf2+ 12. Rxf2 Bxf2 13. Qxf2 d5 14. Bd3
Bg4 15. f5 g6 16. Qg3 Bh5 17. Bg5 f6 18. Bxf6 Rxf6 19. exf6 Qxf6 20. Nc3 c6 21.
Rf1 Kh8 22. fxg6 Qxf1+ 23. Bxf1 Bxg6 24. Bd3 Rf8 25. h4 Bxd3 26. cxd3 Rg8 27.
Qe5+ Rg7 28. g4 h6 29. g5 hxg5 30. hxg5 Kh7 31. Qf5+ Rg6 32. Ne2 Kg7 33. Nf4
Rd6 34. Nh5+ Kg8 35. g6 Rxg6 36. Qxg6+ Kf8 37. Qg7+ Ke8 38. Nf6+ Kd8 39. Qd7#
1-0

[Event "I Open Grand Paradis"]
[Site "Arvier ITA"]
[Date "2014.07.23"]
[Round "5"]
[White "Cullen, Anthony P."]
[Black "Siviero, Mattia"]
[WhiteElo "2110"]
[BlackElo "1705"]
[Result "1-0"]
[PlyCount "35"]
[EventDate "2014.07.19"]

1. Nf3 d5 2. d4 Nf6 3. e3 e6 4. Bd3 c5 5. b3 Nc6 6. Bb2 Bd6 7. O-O O-O 8. Ne5
Qc7 9. f4 cxd4 10. exd4 Nb4 11. Ba3 Nxd3 12. Bxd6 Qxd6 13. Qxd3 b6 14. Nd2 Bb7
15. f5 Ne4 16. f6 Nxf6 17. Rxf6 gxf6 18. Qg3+ 1-0

[Event "I Open Grand Paradis"]
[Site "Arvier ITA"]
[Date "2014.07.23"]
[Round "5"]
[White "Gromovs, Sergejs"]
[Black "Cirrincione, Giansalvo"]
[WhiteElo "2217"]
[BlackElo "1796"]
[Result "1-0"]
[PlyCount "47"]
[EventDate "2014.07.19"]

1. d4 e6 2. c4 f5 3. Nc3 Nf6 4. g3 d5 5. Bg2 c6 6. Nf3 Bd6 7. O-O O-O 8. Bf4
Bxf4 9. gxf4 Ne4 10. Rc1 h6 11. b4 g5 12. fxg5 hxg5 13. Ne5 Bd7 14. Nxe4 fxe4
15. Rc3 Rf4 16. Rg3 Rh4 17. Qd2 Rh5 18. f3 e3 19. Qxe3 Kg7 20. f4 Qh8 21. fxg5
Be8 22. Qf4 Na6 23. Qf6+ Kh7 24. g6+ 1-0